Késő római jog és adminisztráció
Elmentve itt :
| További közreműködők: | |
|---|---|
| Dokumentumtípus: | Könyv része |
| Megjelent: |
2011
|
| Sorozat: | Documenta Historica
Hivatalnokok, lázadók, szerzetesek : késő római szöveggyűjtemény 1. |
| Kulcsszavak: | Római Birodalom története, Római jog, Közigazgatás - Római Birodalom |
| Tárgyszavak: | |
| Online Access: | http://acta.bibl.u-szeged.hu/10978 |
| LEADER | 00863naa a2200241 i 4500 | ||
|---|---|---|---|
| 001 | acta10978 | ||
| 005 | 20211213151120.0 | ||
| 008 | 161015s2011 hu o 0|| hun d | ||
| 022 | |a 1216-0954 | ||
| 040 | |a SZTE Egyetemi Kiadványok Repozitórium |b hun | ||
| 041 | |a hun | ||
| 245 | 0 | 0 | |a Késő római jog és adminisztráció |h [elektronikus dokumentum] |
| 260 | |c 2011 | ||
| 300 | |a 7-31 | ||
| 490 | 0 | |a Documenta Historica | |
| 490 | 0 | |a Hivatalnokok, lázadók, szerzetesek : késő római szöveggyűjtemény 1. | |
| 650 | 4 | |a Bölcsészettudományok | |
| 650 | 4 | |a Történettudomány és régészet | |
| 695 | |a Római Birodalom története, Római jog, Közigazgatás - Római Birodalom | ||
| 700 | 0 | 1 | |a Illés Imre Áron |
| 700 | 0 | 1 | |a Palotás György |
| 700 | 0 | 1 | |a Varga Ferenc |
| 856 | 4 | 0 | |u http://acta.bibl.u-szeged.hu/10978/1/doc_084_007-031.pdf |z Dokumentum-elérés |